Tamil - Click To Translate - Statistics

General Stats
  • This quiz has been taken 488 times
  • The average score is 10 of 15
Answer Stats
Hint Answer % Correct
Rice அரிசி (Arici)
80%
Hello வணக்கம் (Vaṇakkam)
79%
English ஆங்கிலம் (Āṅkilam)
78%
Salt உப்பு (Uppu)
73%
Banana வாழைப்பழம் (Vāḻaippaḻam)
72%
Knife கத்தி (Katti)
71%
Monkey குரங்கு (Kuraṅku)
67%
Me என்னை (Eṉṉai)
66%
Sparrow குருவி (Kuruvi)
62%
Garden தோட்டம் (Tōṭṭam)
59%
Cheers மகிழ்ச்சி (Makiḻcci)
57%
Rainbow வானவில் (Vāṉavil)
55%
Awful மோசமான (Mōcamāṉa)
53%
Boat படகு (Paṭaku)
50%
Math கணிதம் (Kaṇitam)
48%
No matching quizzes found
Score Distribution
Percent of People with Each Score
Percentile by Number Answered
Your Score History
You have not taken this quiz